| 000 | 00983nas a22002657a 4500 | ||
|---|---|---|---|
| 001 | 61610 | ||
| 003 | UA-OsUOA | ||
| 005 | 20220912101616.0 | ||
| 007 | ta | ||
| 008 | 200907c8b un ||||| r|p| 00| 0 ukr dukr d | ||
| 022 | _a17283671 | ||
| 040 |
_aUA-OsUOA _bukr _cUA-OsUOA _dUA-OsUOA |
||
| 041 | _aukr | ||
| 044 | _aUA | ||
| 080 | _a2 | ||
| 090 |
_a2 _bН34 |
||
| 099 | _a23564 | ||
| 110 | _aЗасновники: Державний університет інформатики і штучного інтелекту. Відділ у справах релігій Донецької обласної державної адміністрації | ||
| 245 |
_aНаука. Релігія. Суспільство _cвідпов. ред. Пігуз В. М. |
||
| 260 |
_aДонецьк _bНаука і релігія |
||
| 650 | 7 |
_a2 Релігія. Теологія. _2UDC |
|
| 942 |
_cMG _2udc _s1 |
||
| 955 | _a1 | ||
| 999 |
_c347252 _d347252 |
||